00214 a2200097 450000100060000008200170000610000140002324500340003726000350007130000100010676686 a891.4393 RAH aM A Rahat aSurab (urdu)cM A RahathUrdu aLahorebDua Publicationsc2002 a287 p